<?xml version="1.0" encoding="UTF-8"?>
<record
    xmlns:xsi="http://www.w3.org/2001/XMLSchema-instance"
    xsi:schemaLocation="http://www.loc.gov/MARC21/slim http://www.loc.gov/standards/marcxml/schema/MARC21slim.xsd"
    xmlns="http://www.loc.gov/MARC21/slim">

  <leader>01092nam a22002777a 4500</leader>
  <controlfield tag="003">OSt</controlfield>
  <controlfield tag="005">20240724142745.0</controlfield>
  <controlfield tag="008">240704b           ||||| |||| 00| 0 eng d</controlfield>
  <datafield tag="022" ind1=" " ind2=" ">
    <subfield code="2">09726527</subfield>
  </datafield>
  <datafield tag="040" ind1=" " ind2=" ">
    <subfield code="c">AIMIT LIBRARY</subfield>
  </datafield>
  <datafield tag="082" ind1=" " ind2=" ">
    <subfield code="a">338.8</subfield>
    <subfield code="b">MARE</subfield>
  </datafield>
  <datafield tag="110" ind1=" " ind2=" ">
    <subfield code="a">Institute for Financial Management and Research</subfield>
    <subfield code="9">172585</subfield>
  </datafield>
  <datafield tag="245" ind1=" " ind2=" ">
    <subfield code="a">Journal of Emerging Market Finance /</subfield>
    <subfield code="c">By Institute for Financial Management and Research. </subfield>
  </datafield>
  <datafield tag="260" ind1=" " ind2=" ">
    <subfield code="a">New Delhi :</subfield>
    <subfield code="b">Sage Publications ,</subfield>
    <subfield code="c">2019.</subfield>
  </datafield>
  <datafield tag="300" ind1=" " ind2=" ">
    <subfield code="b">HB</subfield>
    <subfield code="c">22 cm.</subfield>
  </datafield>
  <datafield tag="440" ind1=" " ind2=" ">
    <subfield code="a">Journal of Emerging Market Finance </subfield>
    <subfield code="v">Vol.12 No.1-3/2013</subfield>
    <subfield code="9">172586</subfield>
  </datafield>
  <datafield tag="440" ind1=" " ind2=" ">
    <subfield code="v">Vol.13 No.1-3/2014</subfield>
  </datafield>
  <datafield tag="440" ind1=" " ind2=" ">
    <subfield code="v">Vol.14 No.1-3/2015</subfield>
  </datafield>
  <datafield tag="440" ind1=" " ind2=" ">
    <subfield code="v">Vol.17 No.1-3/2018</subfield>
  </datafield>
  <datafield tag="440" ind1=" " ind2=" ">
    <subfield code="v">Vol.18 No.1-3/2019</subfield>
  </datafield>
  <datafield tag="440" ind1=" " ind2=" ">
    <subfield code="v">Vol.15 No.1-3/2016, Vol.16 No.1-3/2017</subfield>
  </datafield>
  <datafield tag="650" ind1=" " ind2=" ">
    <subfield code="a">Information Linkages among brics countries</subfield>
    <subfield code="9">172587</subfield>
  </datafield>
  <datafield tag="650" ind1=" " ind2=" ">
    <subfield code="a">Structural breaks in volatility transmission from developed markets to major Asian emerging markets</subfield>
    <subfield code="9">172588</subfield>
  </datafield>
  <datafield tag="650" ind1=" " ind2=" ">
    <subfield code="a">Empirical examination of ipo underpricing between high technology</subfield>
    <subfield code="9">172589</subfield>
  </datafield>
  <datafield tag="942" ind1=" " ind2=" ">
    <subfield code="2">ddc</subfield>
    <subfield code="c">BV</subfield>
    <subfield code="k">338.8 MARE</subfield>
  </datafield>
  <datafield tag="999" ind1=" " ind2=" ">
    <subfield code="c">231381</subfield>
    <subfield code="d">231381</subfield>
  </datafield>
  <datafield tag="952" ind1=" " ind2=" ">
    <subfield code="0">0</subfield>
    <subfield code="1">0</subfield>
    <subfield code="2">ddc</subfield>
    <subfield code="4">0</subfield>
    <subfield code="7">0</subfield>
    <subfield code="8">MBA</subfield>
    <subfield code="a">AIMIT</subfield>
    <subfield code="b">AIMIT</subfield>
    <subfield code="c">BV</subfield>
    <subfield code="d">2024-07-04</subfield>
    <subfield code="h">Vol.12 No.1-3/2013</subfield>
    <subfield code="l">0</subfield>
    <subfield code="o">338.8 MARE</subfield>
    <subfield code="p">BVM900</subfield>
    <subfield code="r">2024-07-04 00:00:00</subfield>
    <subfield code="w">2024-07-04</subfield>
    <subfield code="y">BV</subfield>
  </datafield>
  <datafield tag="952" ind1=" " ind2=" ">
    <subfield code="0">0</subfield>
    <subfield code="1">0</subfield>
    <subfield code="2">ddc</subfield>
    <subfield code="4">0</subfield>
    <subfield code="7">0</subfield>
    <subfield code="8">MBA</subfield>
    <subfield code="a">AIMIT</subfield>
    <subfield code="b">AIMIT</subfield>
    <subfield code="c">BV</subfield>
    <subfield code="d">2024-07-04</subfield>
    <subfield code="h">Vol.18 No.1-3/2019</subfield>
    <subfield code="l">0</subfield>
    <subfield code="o">338.8 MARE</subfield>
    <subfield code="p">BVM1035</subfield>
    <subfield code="r">2024-07-05 00:00:00</subfield>
    <subfield code="w">2024-07-04</subfield>
    <subfield code="y">BV</subfield>
  </datafield>
  <datafield tag="952" ind1=" " ind2=" ">
    <subfield code="0">0</subfield>
    <subfield code="1">0</subfield>
    <subfield code="2">ddc</subfield>
    <subfield code="4">0</subfield>
    <subfield code="7">0</subfield>
    <subfield code="8">MBA</subfield>
    <subfield code="a">AIMIT</subfield>
    <subfield code="b">AIMIT</subfield>
    <subfield code="c">BV</subfield>
    <subfield code="d">2024-07-04</subfield>
    <subfield code="h">Vol.17 No.1-3/2018</subfield>
    <subfield code="l">0</subfield>
    <subfield code="o">338.8 MARE</subfield>
    <subfield code="p">BVM1087</subfield>
    <subfield code="r">2024-07-05 00:00:00</subfield>
    <subfield code="w">2024-07-04</subfield>
    <subfield code="y">BV</subfield>
  </datafield>
  <datafield tag="952" ind1=" " ind2=" ">
    <subfield code="0">0</subfield>
    <subfield code="1">0</subfield>
    <subfield code="2">ddc</subfield>
    <subfield code="4">0</subfield>
    <subfield code="7">0</subfield>
    <subfield code="8">MBA</subfield>
    <subfield code="a">AIMIT</subfield>
    <subfield code="b">AIMIT</subfield>
    <subfield code="c">BV</subfield>
    <subfield code="d">2024-07-04</subfield>
    <subfield code="h">Vol.14 No.1-3/2015</subfield>
    <subfield code="l">0</subfield>
    <subfield code="o">338.8 MARE</subfield>
    <subfield code="p">BVM749</subfield>
    <subfield code="r">2024-07-05 00:00:00</subfield>
    <subfield code="w">2024-07-04</subfield>
    <subfield code="y">BV</subfield>
  </datafield>
  <datafield tag="952" ind1=" " ind2=" ">
    <subfield code="0">0</subfield>
    <subfield code="1">0</subfield>
    <subfield code="2">ddc</subfield>
    <subfield code="4">0</subfield>
    <subfield code="7">0</subfield>
    <subfield code="8">MBA</subfield>
    <subfield code="a">AIMIT</subfield>
    <subfield code="b">AIMIT</subfield>
    <subfield code="c">BV</subfield>
    <subfield code="d">2024-07-04</subfield>
    <subfield code="h">Vol.13 No.1-3/2014</subfield>
    <subfield code="l">0</subfield>
    <subfield code="o">338.8 MARE</subfield>
    <subfield code="p">BVM901</subfield>
    <subfield code="r">2024-07-05 00:00:00</subfield>
    <subfield code="w">2024-07-04</subfield>
    <subfield code="y">BV</subfield>
  </datafield>
  <datafield tag="952" ind1=" " ind2=" ">
    <subfield code="0">0</subfield>
    <subfield code="1">0</subfield>
    <subfield code="2">ddc</subfield>
    <subfield code="4">0</subfield>
    <subfield code="7">0</subfield>
    <subfield code="8">MBA</subfield>
    <subfield code="a">AIMIT</subfield>
    <subfield code="b">AIMIT</subfield>
    <subfield code="c">BV</subfield>
    <subfield code="d">2024-07-04</subfield>
    <subfield code="h">Vol.15 No.1-3/2016/ Vol.16 No.1-3/2017</subfield>
    <subfield code="l">0</subfield>
    <subfield code="o">338.8 MARE</subfield>
    <subfield code="p">BVM945</subfield>
    <subfield code="r">2024-07-05 00:00:00</subfield>
    <subfield code="w">2024-07-04</subfield>
    <subfield code="y">BV</subfield>
  </datafield>
</record>
